MARC

LEADER 00000nam0a2200000 4500
001 83954
005 20231031100407.0
010 |a 5952414907 
035 |a (RuTPU)RU\TPU\book\90267 
090 |a 83954 
100 |a 20051025d2005 m y0rusy50 ca 
101 0 |a rus 
102 |a RU 
105 |a a z 000zb 
200 1 |a Иван Грозный. 1530-1584  |f С. Э. Цветков 
210 |a Москва  |c Центрполиграф  |d 2005 
215 |a 605 с.  |c ил. 
225 1 |a Исторические портреты 
600 0 |a Иван Грозный  |d IV  |c великий князь московский, первый русский царь  |f 1530-1584  |c из династии Рюриковичей  |2 stltpui  |3 (RuTPU)RU\TPU\pers\1414 
610 1 |a русская литература 
610 1 |a история 
610 1 |a Россия 
610 1 |a 16 век 
675 |a Р2  |v 3 
686 |a Т3(2)45  |v LBC/SL-A  |2 rubbk 
700 1 |a Цветков  |b С. Э.  |g Сергей Эдуардович 
801 1 |a RU  |b 63413507  |c 20051025  |g PSBO 
801 2 |a RU  |b 63413507  |c 20060213  |g PSBO 
942 |c BK 
959 |a 84/20051019  |d 1  |e 160,05  |f ХФ:1